| 000 | 00569nam a2200181Ia 4500 | ||
|---|---|---|---|
| 003 | GCL | ||
| 008 | 140319s9999 xx 000 0 ara d | ||
| 040 |
_aGCL / _cGCL |
||
| 082 | 0 | 4 |
_a229.7 _bم د |
| 100 | 1 | _aموسى الخطيب | |
| 245 | 1 | 0 |
_aمن دلائل الاعجاز العلمى فى القران الكريم والسنة النبوية / _cموسى الخطيب |
| 300 | _a342 ص | ||
| 490 |
_aكتاب _v0 |
||
| 650 | 0 | 4 | _aالفقه الاسلامى |
| 650 | 0 | 4 | _aالاعجاز العلمى للقران |
| 650 | 0 | 4 | _aالقران |
| 942 |
_2ddc _cBK |
||
| 999 |
_c42675 _d42675 |
||